| 000 | 01068nam a2200301Ia 4500 | ||
|---|---|---|---|
| 001 | dia_968 | ||
| 003 | CHAP | ||
| 005 | 20230116132839.0 | ||
| 008 | 220117s[19- xx 000 0 und d | ||
| 010 | _a171513 | ||
| 040 | _cCHAP | ||
| 082 | _a338.763 M37 [19--?] | ||
| 110 |
_aMéxico. Dirección General para el Desarrollo Agroindustrial _977057 |
||
| 245 |
_aMarco conceptual y esquema metodológico para la planeación y desarrollo agroindustrial / _c Dirección General para el Desarrollo Agroindustrial |
||
| 260 |
_aMéxico : _b D.G.D.A., _c[19- |
||
| 300 | _a310 h. | ||
| 503 | _aD. | ||
| 590 | _aS561 M37 [19--?] | ||
| 650 |
_aAgricultura _xAdministración _9149628 |
||
| 650 | 0 |
_aAgricultural industry _9147917 |
|
| 650 |
_aAgriculture _xManagement _9149629 |
||
| 650 |
_aIndustrias agrícolas _957925 |
||
| 710 |
_aDirección General para el Desarrollo Agroindustrial (México) _9149630 |
||
| 901 | _a338.763 M37 [19--?] | ||
| 902 | _aM | ||
| 905 | _a523227[19--?] MX X 8125222322SPA16 | ||
| 942 |
_cLIBRO _2ddc |
||
| 999 |
_c171513 _d171513 |
||